Strategic information technology management Perspectives on organizational growth and competive avantage

Đã lưu trong:
书目详细资料
主要作者: Rajiv D Banker
格式: 图书
语言:Undetermined
出版: New York Idea Group 1992
主题:
标签: 添加标签
没有标签, 成为第一个标记此记录!
Thư viện lưu trữ: Trung tâm Học liệu Trường Đại học Cần Thơ
LEADER 00553nam a2200193Ia 4500
001 CTU_22082
008 210402s9999 xx 000 0 und d
082 |a 658 
082 |b B218 
100 |a Rajiv D Banker 
245 0 |a Strategic information technology management 
245 0 |b Perspectives on organizational growth and competive avantage 
245 0 |c Rajiv D Banker 
260 |a New York 
260 |b Idea Group 
260 |c 1992 
650 |a management 
904 |i Minh, 980303 
980 |a Trung tâm Học liệu Trường Đại học Cần Thơ